LEADER 05654nam 2200673 450 001 9910464964203321 005 20200903223051.0 010 $a3-03826-431-8 035 $a(CKB)3710000000214589 035 $a(EBL)1910748 035 $a(SSID)ssj0001378413 035 $a(PQKBManifestationID)11726664 035 $a(PQKBTitleCode)TC0001378413 035 $a(PQKBWorkID)11339929 035 $a(PQKB)10419196 035 $a(MiAaPQ)EBC1910748 035 $a(Au-PeEL)EBL1910748 035 $a(CaPaEBR)ebr10906034 035 $a(OCoLC)891381153 035 $a(EXLCZ)993710000000214589 100 $a20140822h20142014 uy 0 101 0 $aeng 135 $aurcnu|||||||| 181 $ctxt 182 $cc 183 $acr 200 00$aAdvanced engineering solutions $eselected, peer reviewed papers from the 4th international conference on intelligent structure and vibration control (ISVC 2014), July 25-28, 2014, Chongqing, China /$fedited by Yuhang Yang and Maode Ma 210 1$aSwitzerland :$cTrans Tech Publications,$d2014. 210 2$aSwitzerland :$cTrans Tech Publications Ltd,$d[date of distribution not identified] 210 4$dİ2014 215 $a1 online resource (983 p.) 225 1 $aApplied Mechanics and Materials,$x1660-9336 ;$vVolume 539 300 $aIncludes indexes. 311 $a3-03835-050-8 327 $aAdvanced Engineering Solutions; Preface, Committees and Reviewers; Table of Contents; Chapter 1: Dynamics of Mechanisms and Machines; Research on Dynamic Model of Rotors with Bearing Misalignment; Research on the Structure Design of Double Eccentric Coaxial Spherical Robot; Research on Vibration Reduction Mechanism for Robot Joints by Imitating the Owl Surface Characteristics; Vibration Control on Shells through Theoretical and Numerical Analysis; Chapter 2: Application of CAD in Mechanical Engineering; Mathematical Model Design on Online Virtual Processing Platform of Machinery Manufacturing 327 $aStudy on the Length Changes of Bearings in Continuous Motion of Complex Mechanical System Based on ADMAS Simulation Study on the NC Machining Theory and Simulation of Hypoid Gear; Three-Dimensional Modeling and Simulation Analysis of the Outer Planets Cycloid; Design of Gear Parameters Visual System Based on LISP; Study of Rhino and Fast ship in Calculation of Ship Hydrostatic; Part Design and Analysis of Cycloid Installation Systems; Design of Natural Ventilation and Analysis of Ventilation Safety in Commercial Building; Drawing Threaded Programs with AutoCAD Secondary Development 327 $aChapter 3: Measure and Diagnosis, Algorithms and Methods for Processing Data and Signals Design and Implementation of DDFS Based on CORDIC in FPGA; Design and Implementation of Detection System Based on IC; Design and Implementation of Portable Intelligent LCF Measuring Instrument; Design of Digital Filter Based on Numerical Simulation; Multi-Channel SSVEP Pattern Recognition Based on MUSIC; Diagnostic Analysis of Ignition System Fault of Polaris Engine; Design of Reliable Serial Port Transmission Mechanism Based on Zigbee; Improved Statistical Algorithm in Digital Terrain 327 $aElectromagnetic Spider Web Application in Earthquake Prediction Tracking Target Identification Model Based on Multiple Algorithms; Comparison of Gas Chromatography and Liquid Chromatogram Detecting Pesticide Residue; Fingerprint Identification Scheme Based on Distribution Density; GPU Parallel Computing Algorithm in Target Tracking of Space; Image Processing Algorithm Based on Solitary Wave; Image Restoration of Depth of Field Extension Imaging System Based on Genetic Algorithm; Research of Speech Recognition Based on Neural Network; Research on Improvement Algorithm of Image Edge Detection 327 $aResearch on Recognition Technology of 2-Dimensional Barcode Study on the Iris Recognition Technology Based on 2D-Gabor Filter; Design and Implementation of Diamond Press'S Pressure Hammer Protection Based on Voiceprint Recognition; Study on 3D Seismic Data Field Hybrid Rendering Technique of Natural Gas Hydrate; Precise Measurement of Temperature Based on Self-Correcting Technique; Design of Quantum Communication Broadband Amplifier Based on Photoelectric Diode; Application and Research of Land Changes Based on GIS and RS 327 $aDesign of High Precision Temperature Sensor Based on Platinum Resistance 330 $aCollection of selected, peer reviewed papers from the 4th International Conference on Intelligent Structure and Vibration Control (ISVC) 2014, July 25-28, 2014, Chongqing, China. The 199 papers are grouped as follows: Chapter 1: Dynamics of Mechanisms and Machines, Chapter 2: Application of CAD in Mechanical Engineering, Chapter 3: Measure and Diagnosis, Algorithms and Methods for Processing Data and Signals, Chapter 4: Communication and Networks, Chapter 5: Network Security and Digital Surveillance, Chapter 6: Applied Information Technologies, Chapter 7: Multimedia Technologies, Chapter 8: 410 0$aApplied mechanics and materials ;$vVolume 539. 606 $aSmart structures$vCongresses 606 $aSmart materials$vCongresses 606 $aStructural control (Engineering)$vCongresses 608 $aElectronic books. 615 0$aSmart structures 615 0$aSmart materials 615 0$aStructural control (Engineering) 676 $a624.1 702 $aYang$b Yuhang 702 $aMa$b Maode 801 0$bMiAaPQ 801 1$bMiAaPQ 801 2$bMiAaPQ 906 $aBOOK 912 $a9910464964203321 996 $aAdvanced engineering solutions$91991115 997 $aUNINA LEADER 02669nam 2200589Ia 450 001 9910451168403321 005 20200520144314.0 010 $a1-281-07929-4 010 $a9786611079291 010 $a1-84663-633-7 035 $a(CKB)1000000000406453 035 $a(EBL)320642 035 $a(OCoLC)182522746 035 $a(SSID)ssj0000673296 035 $a(PQKBManifestationID)11414833 035 $a(PQKBTitleCode)TC0000673296 035 $a(PQKBWorkID)10643163 035 $a(PQKB)10629364 035 $a(MiAaPQ)EBC320642 035 $a(Au-PeEL)EBL320642 035 $a(CaPaEBR)ebr10196419 035 $a(OCoLC)935265926 035 $a(EXLCZ)991000000000406453 100 $a20000815d2007 uy 0 101 0 $aeng 135 $aur|n|---||||| 181 $ctxt 182 $cc 183 $acr 200 00$aEthics in the virtual world$b[electronic resource] /$fguest editor: John Strain 210 $aBradford, England $cEmerald Group Publishing$dc2007 215 $a1 online resource (49 p.) 225 0 $aJournal of Information, Communication and Ethics in Society ;$v5, no. 1 300 $aDescription based upon print version of record. 311 $a1-84663-632-9 327 $aCover; CONTENTS; Editorial board; Ethics in the virtual world; Ethical issues in the use of electronic health records for pharmacy medicines sales; A phenomenological perspective on clinical communication and interaction; Assessing students' ethical development in computing with the defining issues test; Book reviews; Note from the publisher 330 $aThis e-book presents three papers presented at the Second International Conference on Teaching Applied and Professional Ethics in Higher Education in September 2005. The papers - based around the conference theme of "Ethics in the Virtual World" - reflect major and continuing themes in computing, ethics and society: access to confidential and sensitive health records; and the teaching of professional computing ethics information. 410 0$aJournal of Information, Communication & Ethics in Society - Issue 1, Volume 5 606 $aInformation technology$xMoral and ethical aspects 606 $aElectronic data processing$xMoral and ethical aspects 608 $aElectronic books. 615 0$aInformation technology$xMoral and ethical aspects. 615 0$aElectronic data processing$xMoral and ethical aspects. 676 $a174.9004 701 $aStrain$b John$0917641 801 0$bMiAaPQ 801 1$bMiAaPQ 801 2$bMiAaPQ 906 $aBOOK 912 $a9910451168403321 996 $aEthics in the virtual world$92213338 997 $aUNINA LEADER 01350nam 2200373 n 450 001 996384436603316 005 20221108091939.0 035 $a(CKB)1000000000583341 035 $a(EEBO)2240957378 035 $a(UnM)99832669 035 $a(UnM)9928380300971 035 $a(EXLCZ)991000000000583341 100 $a19951207d1656 uy | 101 0 $aeng 135 $aurbn||||a|bb| 200 10$aLoves companion, or, A short treatise of the nature, necessity, and advantages of moderation$b[electronic resource] $ebeing the substance of two sermons preached at Ousburne, By J. H. M.A. and minsiter of Ousburne 210 $aLondon $cprinted by Francis Leach$d1656 215 $a[10], 46 p 300 $aThe dedication is signed: Josiah Hunter. 300 $aSome print show-through. 300 $aReproduction of the original in the Bodleian Library. 330 $aeebo-0014 606 $aSermons, English$y17th century 606 $aModeration$vEarly works to 1800 615 0$aSermons, English 615 0$aModeration 700 $aHunter$b Josiah$cminister in York.$01014293 801 0$bCu-RivES 801 1$bCu-RivES 801 2$bWaOLN 906 $aBOOK 912 $a996384436603316 996 $aLoves companion, or, A short treatise of the nature, necessity, and advantages of moderation$92407742 997 $aUNISA